000 00581nam a2200193Ia 4500
005 20250508152335.0
008 008 250505s9999 xx 000 0 eng d
037 _aTextual
040 _aFEDL
_beng
_cFEDL
041 _aeng
_2eng
084 _a371.8, CAR
_qFEDL
100 _aCrawford Claude C. (et.al).
_9761238
245 0 _aLiving your life : Group guidance in study, school life and community living
250 _a2
260 _aBoston, USA
_bD C Heath and Company
_c1953
300 _axv,448p
942 _cTEXL
_h371.8, CAR
999 _c1335801
_d1335801